000 00704nam a2200265Ia 4500
005 20260302113911.0
008 008 260114s9999 xx 000 0 eng d
020 _a9781805016984
037 _aTextbook
040 _aCRL
040 _beng
040 _cCRL
041 _2eng
041 _aeng
084 _qCRL
100 _aDr Isha Mckenzie-Mavinga, Kris Black, Karen Carberry and Eugene Ellis
_91117154
245 0 _aTherapy in Colour
260 _bBloomsbury
260 _bJessica Kingsley Publisher
260 _c2023
650 _aPsychology
856 _uhttps://doi.org/10.5040/9781805016984?locatt=label:secondary_jkplibrary
942 _cEBOOK
999 _c1680638
_d1680638